Billie Eilish - Overheated Lyrics - Statistics

General Stats
  • This quiz has been taken 152 times
  • The average score is 191 of 260
Answer Stats
Answer % Correct
I
100%
(I
100%
I?
100%
I?)
100%
it
94%
the
94%
do?
91%
I'm
89%
how
88%
a
86%
don't
86%
know
86%
be
84%
overheated
84%
they
84%
can't
83%
Can't
83%
happened
83%
really
83%
really)
83%
started
83%
to
79%
And
77%
defeated
75%
talking
75%
was
75%
even
74%
no
74%
No
74%
you
72%
You
72%
(You
72%
deleted
70%
Did
70%
am
69%
(Am
69%
Am
69%
of
69%
But
68%
wanna
68%
who?)
68%
get
67%
is
67%
(Is
67%
It's
67%
That
67%
that
67%
everybody
65%
like
65%
now
65%
were
65%
out
64%
this
64%
didn't
63%
not
63%
Stop
63%
walking
63%
down
62%
else
62%
kinda
62%
(kinda
62%
my
62%
right
62%
thing
62%
think
62%
being
60%
care
60%
care)
60%
flirty
60%
let
60%
me?
60%
me)
60%
said
60%
surgery
60%
flashing
59%
help
59%
kill
58%
only
58%
repeated
58%
them
58%
watching
58%
working
58%
just
57%
photographing
57%
there
57%
there)
57%
went
57%
why
57%
(why
57%
body?
56%
hurt
56%
plastic
56%
All
54%
'Cause
54%
for
54%
un-believe
54%
bit****
53%
myself
53%
news?
53%
News
53%
about
52%
built
52%
reaction
52%
rest
52%
with
52%
pictures
51%
posing
51%
these
51%
gave
49%
still
49%
Instead
48%
none
48%
redesign
48%
stopping
48%
business
47%
sick
47%
Man...
43%
other
42%
(Mmm)
40%
inanimate
37%
looked
36%
laughing
12%
No matching quizzes found
Score Distribution
Percent of People with Each Score
Percentile by Number Answered
Your Score History
You have not taken this quiz